| 000 | nam a22 7a 4500 | ||
|---|---|---|---|
| 999 |
_c16015 _d16015 |
||
| 008 | 161107b xxu||||| |||| 00| 0 eng d | ||
| 020 | _a9780811858340 | ||
| 050 | _aNC 1766 .U53R387 2007 | ||
| 100 |
_aPaik, Karen _d2007 |
||
| 245 |
_aThe art of Ratatouille/ _cKaren Paik |
||
| 260 |
_aChina: _bDisney enterprises, _c2007. |
||
| 300 |
_a158p.: _bill.; _c23cm. |
||
| 521 | _aincludes index. | ||
| 942 |
_2lcc _cBOOKS _hNC 1766 .U53R387 2007 |
||